Dictamen para la impresion. De la obra Venida del Mesias en gloria y Magestad / por el M. R. P. Fr. Pablo de la Concepcion carmelita descalzo del Convento de Cadiz año de 1812

Detalles Bibliográficos
Autor principal: Pablo de la Concepción, O. C. D.
Otros Autores: Lacunza, Manuel, 1731-1801. La venida del Mesias en gloria y magestad
Formato: Libro
Lenguaje:Spanish
Publicado: Puebla : impreso en la oficina Imperial de los Herreros, 1823.
Materias:
Colección:Banco de datos
Acervo:Biblioteca Palafoxiana. Colección de Pliegos Sueltos
Descripción Física:12 p. ; 4°
Tema general:Derecho civil
Notas:Sello en tinta de la Biblioteca Pública Palafoxiana
LEADER 00940nam a22002170004500
035 |a 1832 
041 0 |a spa 
082 0 4 |a FR/PAFX/IMPS/C070/02095 
100 1 |a Pablo de la Concepción, O. C. D. 
245 1 0 |a Dictamen para la impresion. De la obra Venida del Mesias en gloria y Magestad / por el M. R. P. Fr. Pablo de la Concepcion carmelita descalzo del Convento de Cadiz año de 1812 
260 |a Puebla : impreso en la oficina Imperial de los Herreros, 1823. 
300 |a 12 p. ; 4° 
500 |a Sello en tinta de la Biblioteca Pública Palafoxiana 
505 0 0 |a La biblioteca tiene: 4 ejemplares 
610 1 4 |a México - Historia - Regencia e imperio, 1821-1823 
650 1 0 |a Derecho civil 
700 1 |a Lacunza, Manuel, 1731-1801. La venida del Mesias en gloria y magestad 
949 |a I02094, I02094-A, I02094-B, I02094-C 
942 |c PALAPLIE 
943 |g Biblioteca Palafoxiana. Colección de Pliegos Sueltos 
999 |c 1075122  |d 1075122